000 00371nam a2200169Ia 4500
003 0100
008 130303s9999 xx 000 0 und d
040 _cARRUPELIB
050 _aLB675.K16
100 _aKant, Immanuel
245 _aEducation
260 _aAnn Arbor
260 _bUniversity of Michigan Press
260 _C1960
300 _a121p. 21cm
942 0 0 _05
999 _c46448
_d46448